Improving management performance in health care institutions : (Record no. 876)

MARC details
000 -LEADER
fixed length control field 00791nam a22002657a 4500
005 - DATE AND TIME OF LATEST TRANSACTION
control field 20260322212037.0
008 - FIXED-LENGTH DATA ELEMENTS--GENERAL INFORMATION
fixed length control field data
010 ## - LIBRARY OF CONGRESS CONTROL NUMBER
LC control number 78008010
020 ## - INTERNATIONAL STANDARD BOOK NUMBER
International Standard Book Number 0872582299
020 ## - INTERNATIONAL STANDARD BOOK NUMBER
International Standard Book Number 9780872582293
040 ## - CATALOGING SOURCE
Original cataloging agency DLC
Transcribing agency DLC
Modifying agency CtY-M
050 0# - LIBRARY OF CONGRESS CALL NUMBER
Classification number RA971
Item number .B38
060 ## - NATIONAL LIBRARY OF MEDICINE CALL NUMBER
Classification number WX150.3 B47li
096 ## - LOCALLY ASSIGNED NLM-TYPE CALL NUMBER (OCLC)
Classification number WX 150.3 B471i 1978
001 - CONTROL NUMBER
control field data
100 1# - MAIN ENTRY--PERSONAL NAME
Personal name Bennett, Addison C.
245 10 - TITLE STATEMENT
Title Improving management performance in health care institutions :
Remainder of title a total systems approach /
Statement of responsibility, etc. Addison C. Bennett.
260 0# - PUBLICATION, DISTRIBUTION, ETC.
Place of publication, distribution, etc. Chicago :
Name of publisher, distributor, etc. American Hospital Association,
Date of publication, distribution, etc. c1978.
300 ## - PHYSICAL DESCRIPTION
Extent x, 243 p. :
Other physical details ill. ;
Dimensions 28 cm.
500 ## - GENERAL NOTE
General note Includes index.
504 ## - BIBLIOGRAPHY, ETC. NOTE
Bibliography, etc. note Bibliography: p. 221-228.
650 #0 - SUBJECT ADDED ENTRY--TOPICAL TERM
Topical term or geographic name entry element Hospitals
General subdivision Administration.
650 #2 - SUBJECT ADDED ENTRY--TOPICAL TERM
Topical term or geographic name entry element Hospital Administration.
650 #2 - SUBJECT ADDED ENTRY--TOPICAL TERM
Topical term or geographic name entry element Systems Analysis.
Holdings
Withdrawn status Lost status Damaged status Not for loan Home library Current library Shelving location Date acquired Total checkouts Full call number Barcode Date last seen Price effective from Koha item type
        Riverside Riverside General stacks 22/03/2026   RA971 .B38 BC0010902 22/03/2026 22/03/2026 Books